000 00762nam a2200241Ia 4500
003 OSt
005 20251028184312.0
008 200515s9999 xx 000 0 und d
040 _cSencico
082 _aSC/694/I54
110 _aIninvi
245 0 _aDiseño y construcción con madera
260 _aLima
260 _c1994
300 _a75
520 _aRecoge los resultados de las investigaciones llevadas a cabo en los últimos años, especialmente los relacionados con la madera de bosque tropical, que es la que existe en mayor abundancia en nuestro país. El uso de la madera en la construcción ha sido lim
650 _aCONSTRUCCION
650 _aE-102
650 _aMADERA
650 _aNORMAS
650 _aPUB ININVI
942 _cLIB
_2ddc
999 _c3534
_d3534